00410 2200157 4500245005100000020002200051250001000073100001900083700002300102005001900125260005700144041001400201084001000215300001800225336000900243 aTapis Istimewa dari NyaicFitri RestianahText a978-602-6477-49-1 aCet.1 aFitri Restiana aInnerChilld Studio a20240926094403 aJakartabKementerian Pendidikan dan Kebudayaanc2019 aIndonesia a741.5 a49 hlm :cpdf atext